| 000 | 01455nam a22003855a 4500 | ||
|---|---|---|---|
| 003 | OSt | ||
| 005 | 20170726132732.0 | ||
| 008 | 170706s2012 ua a grb 000 0 ara d | ||
| 017 | _a2011 / 13089 | ||
| 020 | _a9789777010597 | ||
| 040 |
_aEG-ScBUE _bara _cEG-ScBUE |
||
| 041 | 1 |
_aara _heng |
|
| 043 | _af-ua--- | ||
| 082 | 0 | 4 |
_a610.932 _bن ن ن _222 |
| 100 | 1 | _aنن، جون إف. | |
| 240 | 1 | 0 |
_aAncient Egyptian medicine. _lArabic |
| 245 | 1 | 2 |
_aالطب المصري القديم / _cجون إف نن ؛ ترجمة عمرو شريف، عادل وديع فلسطين. |
| 250 | _aط. 1. | ||
| 260 |
_aالقاهرة : _bمكتبة الشروق الدولية، _c2012. |
||
| 300 |
_a423 ص. : _bإيض. ؛ _c24 سم. |
||
| 500 | _aيشتمل على ملاحق. | ||
| 504 | _aيشتمل على إرجاعات ببليوجرافية. | ||
| 541 | _aإهداء من المستشار مدحت أبو الفضل. | ||
| 546 | _aالنص باللغة العربية ؛ مترجم من اللغة الإنجليزية. | ||
| 590 | _aWessam | ||
| 650 | 7 |
_aالطب القديم. _2BUEsh |
|
| 650 | 7 |
_aالطب _zمصر _xتاريخ قديم. _2BUEsh |
|
| 650 | 7 |
_aالطب عند الفراعنة. _2BUEsh |
|
| 650 | 7 |
_aالطب المصري. _2BUEsh |
|
| 651 | _2BUEsh | ||
| 653 |
_bGGEN _bPPhrm _bDDent _cJuly2017 |
||
| 700 | 1 |
_aشريف، عمرو، _eمترجم. |
|
| 700 | 1 |
_aفلسطين، عادل وديع، _eمترجم. |
|
| 942 | _2ddc | ||
| 999 |
_c24991 _d24963 |
||